[Event "SG Büchenbach/Roth e.V. 1-SK Nürnberg 19"]
[Site "?"]
[Date "2013.01.27"]
[Round "1.1"]
[White "Stierhof, Michael"]
[Black "Hofer, Markus"]
[Result "1/2-1/2"]
[WhiteElo "2140"]
[BlackElo "2135"]
[PlyCount "63"]
[EventDate "2013.??.??"]
[WhiteTeam "SK Nürnberg 1911 e.V. 1"]
[BlackTeam "SG Büchenbach/Roth e.V. 1"]

1. Nf3 d5 2. c4 e6 3. g3 Nf6 4. Bg2 c6 5. b3 Nbd7 6. Bb2 Bd6 7. O-O O-O 8. d3
Re8 9. Nc3 e5 10. cxd5 cxd5 11. e4 d4 12. Nb5 Bb8 13. a4 a6 14. Na3 b5 15. Nxd4
Nc5 16. Rc1 Qb6 17. a5 Qd6 18. Qc2 Ba7 19. Ndxb5 axb5 20. Nxb5 Qxd3 21. Nxa7
Qxc2 22. Rxc2 Nxb3 23. Rc7 Nxa5 24. Rfc1 Nb3 25. R1c6 Be6 26. Rb6 Rad8 27. h3
Rd1+ 28. Kh2 Rd2 29. Bxe5 Nd7 30. Rb5 Nxe5 31. Rxe5 Rxf2 32. Kg1 1/2-1/2

[Event "SG Büchenbach/Roth e.V. 1-SK Nürnberg 19"]
[Site "?"]
[Date "2013.01.27"]
[Round "1.2"]
[White "Hacker, Jonas"]
[Black "Fuchs, Gerhard"]
[Result "1-0"]
[WhiteElo "2066"]
[BlackElo "2073"]
[PlyCount "75"]
[EventDate "2013.??.??"]
[WhiteTeam "SG Büchenbach/Roth e.V. 1"]
[BlackTeam "SK Nürnberg 1911 e.V. 1"]

1. e4 e6 2. d4 d5 3. e5 c5 4. c3 Nc6 5. Nf3 Qb6 6. a3 c4 7. Nbd2 f6 8. exf6
Nxf6 9. Be2 Bd6 10. O-O O-O 11. b3 cxb3 12. Qxb3 Qxb3 13. Nxb3 e5 14. Bb2 e4
15. Ne1 Bg4 16. f3 exf3 17. Nxf3 Rae8 18. Rae1 Re3 19. Bd1 Rfe8 20. Rxe3 Rxe3
21. Kf2 Re7 22. Kg1 Bf4 23. g3 Bh6 24. Kg2 Ne4 25. Re1 b6 26. a4 Bc8 27. Be2
Nf6 28. Bd3 Ng4 29. Rxe7 Nxe7 30. h3 Ne3+ 31. Kh2 Bd7 32. a5 Nd1 33. Ba3 Nf5
34. Ne5 Be6 35. a6 Nxc3 36. Nc6 Be3 37. Bxf5 Bxf5 38. Ne7+ 1-0

[Event "SG Büchenbach/Roth e.V. 1-SK Nürnberg 19"]
[Site "?"]
[Date "2013.01.27"]
[Round "1.3"]
[White "Höwel, Karl-Adolf"]
[Black "Vasilache, Catalin"]
[Result "0-1"]
[WhiteElo "2019"]
[BlackElo "1977"]
[PlyCount "102"]
[EventDate "2013.??.??"]
[WhiteTeam "SK Nürnberg 1911 e.V. 1"]
[BlackTeam "SG Büchenbach/Roth e.V. 1"]

1. d4 d5 2. c4 e6 3. Nc3 Nf6 4. Bg5 Be7 5. e3 O-O 6. Nf3 Ne4 7. Bxe7 Qxe7 8.
Nxe4 dxe4 9. Nd2 e5 10. d5 f5 11. Be2 Nd7 12. Qc2 a5 13. O-O-O a4 14. g4 Nc5
15. gxf5 Bxf5 16. Rhg1 Ra6 17. Qc3 Bg6 18. Rg2 Raf6 19. Rf1 Bf5 20. Rg3 Rh6 21.
Rfg1 g6 22. h3 Rxh3 23. Rxh3 Bxh3 24. f3 exf3 25. Nxf3 Re8 26. b4 axb3 27. axb3
Bf5 28. b4 Ne4 29. Qb3 Kh8 30. c5 b6 31. Bb5 Ra8 32. Qb2 bxc5 33. Nxe5 Nf6 34.
e4 cxb4 35. Rg2 Bxe4 36. Re2 Qc5+ 37. Bc4 Qg1+ 38. Kd2 Qg5+ 39. Kd1 Kg7 40. Qd4
Rf8 41. Nd7 Bf3 42. Nxf8 Bxe2+ 43. Kxe2 Kxf8 44. Qc5+ Kg7 45. Qxc7+ Kh6 46. d6
Qe5+ 47. Kf3 Qe4+ 48. Kg3 Qg4+ 49. Kh2 Qf4+ 50. Kh1 Ng4 51. Kg2 Ne3+ 0-1

[Event "SG Büchenbach/Roth e.V. 1-SK Nürnberg 19"]
[Site "?"]
[Date "2013.01.27"]
[Round "1.4"]
[White "Häckler, Daniel"]
[Black "Pannek, Matthias"]
[Result "1/2-1/2"]
[WhiteElo "2074"]
[BlackElo "1957"]
[PlyCount "44"]
[EventDate "2013.??.??"]
[WhiteTeam "SG Büchenbach/Roth e.V. 1"]
[BlackTeam "SK Nürnberg 1911 e.V. 1"]

1. e4 c5 2. Nf3 d6 3. c3 Nf6 4. d3 Nc6 5. Be2 g6 6. O-O Bg7 7. Be3 O-O 8. Nbd2
e5 9. a3 a5 10. b3 Re8 11. Rb1 b6 12. b4 axb4 13. axb4 cxb4 14. cxb4 d5 15. Qc2
Bb7 16. Rfc1 Nd4 17. Nxd4 exd4 18. Bg5 Rc8 19. Qa4 Qd7 20. Qxd7 Nxd7 21. f3 Rc3
22. Nb3 Rec8 1/2-1/2

[Event "SG Büchenbach/Roth e.V. 1-SK Nürnberg 19"]
[Site "?"]
[Date "2013.01.27"]
[Round "1.5"]
[White "Leising, Thomas"]
[Black "Braun, Michael"]
[Result "0-1"]
[WhiteElo "1948"]
[BlackElo "1942"]
[PlyCount "84"]
[EventDate "2013.??.??"]
[WhiteTeam "SK Nürnberg 1911 e.V. 1"]
[BlackTeam "SG Büchenbach/Roth e.V. 1"]

1. d4 d5 2. Nf3 Nf6 3. e3 e6 4. Bd3 Bd6 5. O-O b6 6. Qe2 c5 7. b3 Bb7 8. Bb2
O-O 9. Nbd2 Nc6 10. Ne5 Nb4 11. f4 Rc8 12. Rfc1 Nxd3 13. cxd3 Ba6 14. Ndf3 Qe7
15. Rc2 cxd4 16. Nxd4 Ne4 17. Nec6 Qd7 18. b4 Nf6 19. a4 Bb7 20. Rac1 a6 21. b5
axb5 22. axb5 Ra8 23. Ne5 Qe8 24. Ndc6 Nd7 25. Bd4 Nc5 26. Bxc5 bxc5 27. d4 c4
28. Ra2 f6 29. Nxc4 dxc4 30. Qxc4 Rxa2 31. Qxa2 Qf7 32. Qd2 f5 33. Ne5 Bxe5 34.
dxe5 Bd5 35. b6 Qb7 36. Qb2 Rb8 37. Rc7 Qa6 38. Qc3 Qxb6 39. Rc8+ Rxc8 40.
Qxc8+ Kf7 41. Qd7+ Kg6 42. Qe8+ Kh6 0-1

[Event "SG Büchenbach/Roth e.V. 1-SK Nürnberg 19"]
[Site "?"]
[Date "2013.01.27"]
[Round "1.6"]
[White "Adler, Herbert"]
[Black "Weinmann, Stefan"]
[Result "1/2-1/2"]
[WhiteElo "1923"]
[BlackElo "1920"]
[PlyCount "43"]
[EventDate "2013.??.??"]
[WhiteTeam "SG Büchenbach/Roth e.V. 1"]
[BlackTeam "SK Nürnberg 1911 e.V. 1"]

1. d4 Nf6 2. c4 g6 3. g3 Bg7 4. Bg2 O-O 5. Nf3 c5 6. Nc3 cxd4 7. Nxd4 Nc6 8.
O-O Qb6 9. Nb3 d6 10. Nd5 Nxd5 11. cxd5 Ne5 12. Be3 Qa6 13. Bd4 Bg4 14. f3 Bd7
15. Kh1 Rac8 16. Rf2 b5 17. e4 Rc7 18. Rc1 Rfc8 19. Rxc7 Rxc7 20. a3 Qa4 21. h3
Nc4 22. Bxg7 1/2-1/2

[Event "SG Büchenbach/Roth e.V. 1-SK Nürnberg 19"]
[Site "?"]
[Date "2013.01.27"]
[Round "1.7"]
[White "Wißmeier, Bernd"]
[Black "Dietrich, Jochen"]
[Result "1-0"]
[WhiteElo "1899"]
[BlackElo "1881"]
[PlyCount "85"]
[EventDate "2013.??.??"]
[WhiteTeam "SK Nürnberg 1911 e.V. 1"]
[BlackTeam "SG Büchenbach/Roth e.V. 1"]

1. e4 d6 2. d4 Nf6 3. Bd3 g6 4. c3 Bg7 5. f4 Nbd7 6. Nf3 a6 7. O-O O-O 8. a4 b6
9. e5 Ne8 10. Nbd2 c5 11. Qe2 e6 12. Ne4 Bb7 13. g4 Qc7 14. h4 c4 15. Bc2 b5
16. h5 gxh5 17. gxh5 h6 18. Nh4 Kh8 19. Kf2 dxe5 20. fxe5 Nxe5 21. dxe5 Qxe5
22. Ke1 b4 23. Bf4 Qa5 24. Bd2 b3 25. Bb1 Rc8 26. Bf4 Nf6 27. Nd6 Rc7 28. Nxb7
Rxb7 29. Bxh6 Qxh5 30. Bxg7+ Kxg7 31. Qxh5 Nxh5 32. Be4 Rd7 33. Rg1+ Kf6 34.
Rf1+ Ke7 35. Rd1 Rfd8 36. Rxd7+ Rxd7 37. Rg1 f5 38. Bf3 Nf6 39. Ng6+ Kf7 40.
Ne5+ Ke7 41. Nxd7 Kxd7 42. Bb7 a5 43. Ba6 1-0

[Event "SG Büchenbach/Roth e.V. 1-SK Nürnberg 19"]
[Site "?"]
[Date "2013.01.27"]
[Round "1.8"]
[White "Braun, Robert"]
[Black "Herbst, Thomas"]
[Result "1-0"]
[WhiteElo "1938"]
[BlackElo "1874"]
[PlyCount "61"]
[EventDate "2013.??.??"]
[WhiteTeam "SG Büchenbach/Roth e.V. 1"]
[BlackTeam "SK Nürnberg 1911 e.V. 1"]

1. e4 c5 2. Nf3 Nc6 3. d4 cxd4 4. Nxd4 g6 5. Be3 Nf6 6. Nc3 Bg7 7. f3 O-O 8.
Qd2 d5 9. O-O-O dxe4 10. Nxc6 Qxd2+ 11. Rxd2 bxc6 12. Be2 Nd5 13. Nxd5 cxd5 14.
Rxd5 exf3 15. Bxf3 a5 16. Rb5 Ra6 17. Rd1 Bf5 18. c4 Re6 19. Bf4 Be4 20. Rxa5
Bxf3 21. gxf3 Rf6 22. Bg5 Rxf3 23. Bxe7 Re8 24. Ra7 Rf2 25. b4 Re2 26. Rdd7
Rxh2 27. b5 f5 28. b6 f4 29. b7 Be5 30. Ra8 Kf7 31. Bd6+ 1-0

[Event "Schachzentrum Fürth 2002 1-SF Fürth 1951"]
[Site "?"]
[Date "2013.01.27"]
[Round "1.1"]
[White "Wittmann, Karl"]
[Black "Hepting, Heinrich"]
[Result "1/2-1/2"]
[WhiteElo "2025"]
[BlackElo "2140"]
[PlyCount "57"]
[EventDate "2013.??.??"]
[WhiteTeam "SF Fürth 1951 e.V. 1"]
[BlackTeam "Schachzentrum Fürth 2002 1"]

1. e4 c5 2. Nf3 e6 3. d4 cxd4 4. Nxd4 a6 5. Bd3 Qc7 6. O-O Nf6 7. Re1 d6 8. c4
Nbd7 9. Bf1 b6 10. b3 Bb7 11. f3 Be7 12. Bb2 O-O 13. Na3 Rfe8 14. Nac2 Bf8 15.
Qd2 Rad8 16. Rac1 Qb8 17. Ne3 Ne5 18. Ne2 Ned7 19. Nc3 Rc8 20. Rcd1 Red8 21.
Kh1 Bc6 22. Bd3 b5 23. Qe2 Ne5 24. cxb5 Nxd3 25. Qxd3 axb5 26. Ne2 Be7 27. Nd4
Be8 28. Rc1 Qb7 29. a3 1/2-1/2

[Event "Schachzentrum Fürth 2002 1-SF Fürth 1951"]
[Site "?"]
[Date "2013.01.27"]
[Round "1.2"]
[White "Teslof, Rihart"]
[Black "Kuehn, Daniel"]
[Result "1/2-1/2"]
[WhiteElo "1847"]
[BlackElo "2058"]
[PlyCount "80"]
[EventDate "2013.??.??"]
[WhiteTeam "Schachzentrum Fürth 2002 1"]
[BlackTeam "SF Fürth 1951 e.V. 1"]

1. e4 e5 2. Nf3 Nc6 3. Bb5 a6 4. Ba4 Nf6 5. O-O b5 6. Bb3 Be7 7. d3 d6 8. Ng5
O-O 9. f4 exf4 10. Bxf4 Na5 11. Nf3 Nxb3 12. axb3 c5 13. e5 Nd5 14. exd6 Bxd6
15. Bxd6 Qxd6 16. Rf2 Bb7 17. Nc3 Ne3 18. Qd2 Ng4 19. Ne4 Bxe4 20. dxe4 Qb6 21.
Re2 c4+ 22. Qd4 Qh6 23. bxc4 Rfd8 24. Qc3 bxc4 25. h3 Qb6+ 26. Kf1 Nf6 27. Qxc4
Qxb2 28. Rxa6 Rd1+ 29. Kf2 Rf8 30. Rd2 Rxd2+ 31. Nxd2 Qe5 32. Ra4 Qf4+ 33. Nf3
Rd8 34. Qd3 Re8 35. Ra1 Nxe4+ 36. Kg1 h5 37. Re1 Re6 38. Qd8+ Kh7 39. Qd3 f5
40. Qe3 Qd6 1/2-1/2

[Event "Schachzentrum Fürth 2002 1-SF Fürth 1951"]
[Site "?"]
[Date "2013.01.27"]
[Round "1.3"]
[White "Pasedag, Peter"]
[Black "Tesch, Wladimir"]
[Result "1-0"]
[WhiteElo "2098"]
[BlackElo "1692"]
[PlyCount "39"]
[EventDate "2013.??.??"]
[WhiteTeam "SF Fürth 1951 e.V. 1"]
[BlackTeam "Schachzentrum Fürth 2002 1"]

1. d4 d5 2. Nf3 Nf6 3. Bg5 Bg4 4. Ne5 Nbd7 5. Nxg4 Nxg4 6. e4 Ngf6 7. e5 Ne4 8.
Bh4 g5 9. f3 gxh4 10. fxe4 dxe4 11. Nc3 e6 12. Nxe4 Be7 13. Bc4 Nb6 14. Bb3 Nd5
15. Qf3 h6 16. O-O Rf8 17. c4 Nb6 18. d5 exd5 19. cxd5 Nxd5 20. Bxd5 1-0

[Event "Schachzentrum Fürth 2002 1-SF Fürth 1951"]
[Site "?"]
[Date "2013.01.27"]
[Round "1.4"]
[White "Engel, Waldemar"]
[Black "Schöller, Wolfgang"]
[Result "0-1"]
[WhiteElo "1540"]
[BlackElo "1999"]
[PlyCount "66"]
[EventDate "2013.??.??"]
[WhiteTeam "Schachzentrum Fürth 2002 1"]
[BlackTeam "SF Fürth 1951 e.V. 1"]

1. Nf3 Nf6 2. g3 d5 3. b3 c5 4. Bb2 e6 5. e3 Nc6 6. d4 Bd7 7. Bg2 cxd4 8. exd4
Bb4+ 9. c3 Bd6 10. O-O O-O 11. Na3 Qa5 12. Nc2 b5 13. b4 Qc7 14. Nce1 Rfd8 15.
Nd3 Be8 16. Re1 Nd7 17. Bh3 Nb6 18. Bc1 a5 19. bxa5 Rxa5 20. Bf4 Nc4 21. Bxd6
Nxd6 22. Bf1 Ne4 23. Qc2 Ra3 24. Qb2 Qa5 25. Nb4 Rxc3 26. Nd2 Qxb4 27. Qxb4
Nxb4 28. Nxe4 dxe4 29. Rxe4 Nc2 30. Rc1 b4 31. Rd1 Bc6 32. Rf4 e5 33. d5 exf4
0-1

[Event "Schachzentrum Fürth 2002 1-SF Fürth 1951"]
[Site "?"]
[Date "2013.01.27"]
[Round "1.5"]
[White "Thiele, Heinz"]
[Black "Borodulin, Vladimir"]
[Result "1-0"]
[WhiteElo "1990"]
[BlackElo "1650"]
[PlyCount "79"]
[EventDate "2013.??.??"]
[WhiteTeam "SF Fürth 1951 e.V. 1"]
[BlackTeam "Schachzentrum Fürth 2002 1"]

1. c4 c5 2. Nc3 g6 3. g3 Bg7 4. Bg2 Bxc3 5. bxc3 Qc7 6. Nf3 d6 7. O-O Nf6 8. h3
Bd7 9. d3 Bc6 10. Bh6 Nbd7 11. e4 O-O-O 12. Ng5 Ne5 13. f4 Be8 14. fxe5 dxe5
15. Qe2 Rg8 16. Kh2 Rd6 17. Rad1 Qa5 18. Qb2 Rb6 19. Qa1 Qa3 20. Rd2 Rd6 21.
Nf3 Nd7 22. Be3 f6 23. Rb1 g5 24. Ne1 h5 25. Rb3 Qa6 26. Rdb2 Rb6 27. Qb1 Rxb3
28. axb3 b6 29. b4 cxb4 30. cxb4 Nb8 31. b5 Qb7 32. c5 Bf7 33. cxb6 axb6 34.
Rc2+ Kd7 35. d4 Bg6 36. dxe5 fxe5 37. Rd2+ Ke8 38. Qc2 g4 39. h4 Nd7 40. Qc6
1-0

[Event "Schachzentrum Fürth 2002 1-SF Fürth 1951"]
[Site "?"]
[Date "2013.01.27"]
[Round "1.6"]
[White "Akopdjanian, Martin"]
[Black "Kirbach, Thomas"]
[Result "0-1"]
[WhiteElo "1625"]
[BlackElo "1936"]
[PlyCount "78"]
[EventDate "2013.??.??"]
[WhiteTeam "Schachzentrum Fürth 2002 1"]
[BlackTeam "SF Fürth 1951 e.V. 1"]

1. e4 d6 2. d4 g6 3. Nf3 Bg7 4. c3 Nf6 5. Bd3 O-O 6. O-O Nbd7 7. h3 c6 8. Be3
e5 9. dxe5 Nxe5 10. Nxe5 dxe5 11. Qc2 Nh5 12. Nd2 Nf4 13. Bxf4 exf4 14. Rad1
Qa5 15. Bc4 Qh5 16. Qd3 g5 17. f3 Qg6 18. Rf2 a5 19. a4 Bf6 20. Nb3 Bd8 21.
Rfd2 Bb6+ 22. Kh1 Be3 23. Rc2 g4 24. fxg4 Bxg4 25. Re1 Qh6 26. Rxe3 fxe3 27.
Qf1 Rad8 28. Be2 f5 29. e5 Bxe2 30. Rxe2 f4 31. Nd4 c5 32. Nf3 Rd3 33. Re1 Rfd8
34. Qe2 Qg6 35. Rg1 Qg3 36. e6 Qf2 37. Qe1 Qxe1 38. Nxe1 Rd1 39. Kh2 Re8 0-1

[Event "Schachzentrum Fürth 2002 1-SF Fürth 1951"]
[Site "?"]
[Date "2013.01.27"]
[Round "1.7"]
[White "Dittmar, Thomas"]
[Black "Tschernischew, Boris"]
[Result "1-0"]
[WhiteElo "1795"]
[BlackElo "1455"]
[PlyCount "65"]
[EventDate "2013.??.??"]
[WhiteTeam "SF Fürth 1951 e.V. 1"]
[BlackTeam "Schachzentrum Fürth 2002 1"]

1. d4 Nf6 2. Nf3 d5 3. c4 Bf5 4. Qb3 dxc4 5. Qxb7 Be4 6. Qb5+ c6 7. Qxc4 Nbd7
8. e3 e6 9. Be2 Bd6 10. Nc3 Nb6 11. Qa6 O-O 12. O-O Bxf3 13. Bxf3 Qc7 14. h3
Nfd5 15. e4 Nb4 16. Qe2 a5 17. a3 Na6 18. Rd1 f6 19. Be3 Nb8 20. Rac1 Qe7 21.
d5 N6d7 22. dxc6 Nxc6 23. Nb5 Bxa3 24. Rxc6 Bb4 25. Rc7 Rfd8 26. Na7 Rxa7 27.
Rxa7 Qe8 28. Qd3 Ne5 29. Qxd8 Nxf3+ 30. gxf3 Kf8 31. Qxe8+ Kxe8 32. Bb6 Be7 33.
Rdd7 1-0

[Event "SC Postbauer-Heng e.V. 1-SW Nürnberg Süd"]
[Site "?"]
[Date "2013.01.27"]
[Round "1.1"]
[White "Redzepovic, Irfan"]
[Black "Bauer, Andreas"]
[Result "1-0"]
[WhiteElo "2094"]
[BlackElo "2085"]
[PlyCount "151"]
[EventDate "2013.??.??"]
[WhiteTeam "SW Nürnberg Süd e.V. 2"]
[BlackTeam "SC Postbauer-Heng e.V. 1"]

1. Nf3 c5 2. c3 Nf6 3. d4 cxd4 4. cxd4 d5 5. Nc3 e6 6. Bf4 Bd6 7. Bg3 O-O 8. e3
b6 9. Qa4 a5 10. Bd3 Ba6 11. Nb5 Bxg3 12. hxg3 h6 13. Ne5 Nfd7 14. Nf3 Nc6 15.
Rc1 Nb4 16. Bb1 Rc8 17. O-O Rxc1 18. Rxc1 Qb8 19. a3 Rc8 20. Rc3 Nc6 21. e4
dxe4 22. Bxe4 Ne7 23. Rxc8+ Qxc8 24. Nc3 Nf6 25. Ne5 Ned5 26. Bxd5 exd5 27. Qb3
Qd8 28. Na4 b5 29. Nc5 Qb6 30. Nxa6 Qxa6 31. Qc3 g6 32. Qc7 Qe6 33. Qb8+ Kg7
34. Qxb5 Ng4 35. Nxg4 Qxg4 36. Qxd5 Qd1+ 37. Kh2 a4 38. f3 Qc2 39. Qe5+ Kg8 40.
Qb5 h5 41. d5 Qf5 42. Qe8+ Kg7 43. Qe4 Qd7 44. Qd4+ f6 45. d6 Kf7 46. Qd5+ Kg7
47. Qc5 Kf7 48. Qc4+ Kf8 49. Qc7 Ke8 50. Qb8+ Qd8 51. d7+ Kxd7 52. Qb5+ Ke7 53.
Qxa4 g5 54. Qe4+ Kf8 55. Qh7 Qd4 56. Qxh5 Qxb2 57. a4 Kg7 58. Qg4 Qe5 59. Qd7+
Kg6 60. Qb5 Qe1 61. Qd5 f5 62. a5 Kf6 63. Qd6+ Kg7 64. Qd8 Kg6 65. Qg8+ Kh6 66.
Qh8+ Kg6 67. a6 Qf2 68. Qa8 f4 69. Qe4+ Kf7 70. gxf4 Qh4+ 71. Kg1 gxf4 72. a7
Qg5 73. Qb7+ Kg6 74. Qb6+ Kh5 75. a8=Q Qe5 76. Qaa5 1-0

[Event "SC Postbauer-Heng e.V. 1-SW Nürnberg Süd"]
[Site "?"]
[Date "2013.01.27"]
[Round "1.2"]
[White "Röber, Jürgen"]
[Black "Erlbeck, Peter"]
[Result "1/2-1/2"]
[WhiteElo "2066"]
[BlackElo "2051"]
[PlyCount "132"]
[EventDate "2013.??.??"]
[WhiteTeam "SC Postbauer-Heng e.V. 1"]
[BlackTeam "SW Nürnberg Süd e.V. 2"]

1. e4 c5 2. d4 cxd4 3. c3 Nf6 4. e5 Nd5 5. Nf3 Nc6 6. Bc4 e6 7. cxd4 Nb6 8. Bb5
a6 9. Bxc6 bxc6 10. Nc3 a5 11. O-O Be7 12. Re1 O-O 13. Ne4 Nd5 14. Bg5 f6 15.
exf6 gxf6 16. Bh6 Rf7 17. Nc3 Nxc3 18. bxc3 Kh8 19. Nh4 Qe8 20. Re3 d5 21. Qh5
Rf8 22. Qf3 Rg8 23. Rae1 Qf7 24. Nf5 Ra7 25. Nxe7 Rxe7 26. Qf4 Rg6 27. Rg3 Rxg3
28. hxg3 Re8 29. Qd6 Qd7 30. Qxd7 Bxd7 31. Rb1 Kg8 32. Rb7 Re7 33. Ra7 Kf7 34.
Rxa5 Be8 35. Ra8 e5 36. dxe5 fxe5 37. Be3 Rd7 38. Ra7 Ke6 39. Rxd7 Bxd7 40. Bc5
Bc8 41. f3 Ba6 42. Kf2 Bb5 43. g4 Ba4 44. Ke3 Bd1 45. Kd2 Ba4 46. g3 Kf6 47. f4
Bb5 48. Bd6 exf4 49. gxf4 Ba6 50. a4 Bc8 51. a5 Bxg4 52. a6 Bc8 53. a7 Bb7 54.
Ke3 Ke6 55. Bc5 h5 56. Kf3 Kf5 57. Be3 h4 58. Bf2 h3 59. Bg3 c5 60. Ke3 Bc6 61.
Bh2 Kg4 62. Kd3 Kf5 63. Ke3 Kg4 64. Kd2 Kf5 65. Kd3 Bb7 66. Ke3 Kg4 1/2-1/2

[Event "SC Postbauer-Heng e.V. 1-SW Nürnberg Süd"]
[Site "?"]
[Date "2013.01.27"]
[Round "1.4"]
[White "Fischer, Erich"]
[Black "Konsek, Peter"]
[Result "0-1"]
[WhiteElo "1979"]
[BlackElo "1928"]
[PlyCount "80"]
[EventDate "2013.??.??"]
[WhiteTeam "SC Postbauer-Heng e.V. 1"]
[BlackTeam "SW Nürnberg Süd e.V. 2"]

1. Nf3 Nf6 2. b3 g6 3. Bb2 Bg7 4. e3 O-O 5. d4 d6 6. Bd3 Nbd7 7. Nbd2 c5 8. O-O
a6 9. Qe2 b5 10. c4 bxc4 11. Nxc4 Bb7 12. e4 d5 13. exd5 Nxd5 14. Qd2 Nb4 15.
Be2 Rb8 16. dxc5 Nxc5 17. Bxg7 Qxd2 18. Nfxd2 Kxg7 19. Rfc1 Rfd8 20. a3 Nbd3
21. Rc2 Nf4 22. Bf1 Nce6 23. Na5 Nd4 24. Rca2 Bd5 25. Rb2 Nde2+ 26. Bxe2 Nxe2+
27. Kf1 Nf4 28. g3 Nd3 29. Rc2 Rbc8 30. Ndc4 Ne5 31. Re1 Nf3 32. Rxe7 Be6 33.
Rc1 Kf8 34. Ra7 Bh3+ 35. Ke2 Nd4+ 36. Ke3 Nf5+ 37. Kf4 Rd4+ 38. Kf3 Rd3+ 39.
Ke2 Rd5 40. f3 Rxa5 0-1

[Event "SC Postbauer-Heng e.V. 1-SW Nürnberg Süd"]
[Site "?"]
[Date "2013.01.27"]
[Round "1.6"]
[White "Hoffmann, Ayar"]
[Black "Werner, Thomas"]
[Result "0-1"]
[WhiteElo "1839"]
[BlackElo "1923"]
[PlyCount "106"]
[EventDate "2013.??.??"]
[WhiteTeam "SC Postbauer-Heng e.V. 1"]
[BlackTeam "SW Nürnberg Süd e.V. 2"]

1. e4 c6 2. d4 d5 3. exd5 cxd5 4. Bd3 Nc6 5. c3 Qc7 6. Nf3 Bg4 7. h3 Bxf3 8.
Qxf3 e6 9. Bf4 Bd6 10. Bxd6 Qxd6 11. Qg4 g6 12. Qe2 Nge7 13. O-O O-O 14. f4 a6
15. Nd2 f5 16. Rae1 Kf7 17. Nf3 h6 18. Ne5+ Nxe5 19. Qxe5 Qxe5 20. Rxe5 Nc6 21.
Re2 b5 22. Rfe1 Rfe8 23. a3 Rab8 24. Kf2 Rb6 25. Ra1 Na5 26. b4 Nb7 27. a4 Nd6
28. Rc2 Ne4+ 29. Ke3 g5 30. fxg5 hxg5 31. axb5 axb5 32. Bxe4 dxe4 33. Ra7+ Re7
34. Rxe7+ Kxe7 35. Ra2 Kd6 36. Ra8 Kd5 37. Rd8+ Kc4 38. Rc8+ Kb3 39. Rc5 Rb8
40. g4 Rf8 41. Rxb5 Kxc3 42. Rc5+ Kxb4 43. Rc6 Rh8 44. gxf5 exf5 45. d5 Rxh3+
46. Kd4 Rd3+ 47. Ke5 e3 48. Rc1 f4 49. Ke4 Rd2 50. Rg1 e2 51. Re1 Kc5 52. Kf3
Kxd5 53. Rg1 g4+ 0-1

[Event "SC Postbauer-Heng e.V. 1-SW Nürnberg Süd"]
[Site "?"]
[Date "2013.01.27"]
[Round "1.7"]
[White "Klein, Waldemar"]
[Black "Ceglar, Michael"]
[Result "0-1"]
[WhiteElo "1921"]
[BlackElo "1873"]
[PlyCount "96"]
[EventDate "2013.??.??"]
[WhiteTeam "SW Nürnberg Süd e.V. 2"]
[BlackTeam "SC Postbauer-Heng e.V. 1"]

1. c4 f5 2. d3 e5 3. Nf3 Nc6 4. Nc3 Nf6 5. e3 g6 6. Be2 Bg7 7. O-O O-O 8. Bd2
d6 9. Rb1 h6 10. b4 Kh7 11. b5 Ne7 12. a4 g5 13. Qc2 Ng6 14. Nd5 g4 15. Nxf6+
Qxf6 16. Ne1 f4 17. g3 f3 18. Bd1 h5 19. e4 h4 20. Be3 Bh6 21. Bxh6 Kxh6 22.
Qd2+ Kg7 23. Nc2 Be6 24. Nb4 Rh8 25. Nd5 Bxd5 26. cxd5 Raf8 27. Rc1 Rf7 28. Rc2
Nf8 29. Qc1 Qe7 30. Qb2 Nh7 31. a5 Ng5 32. b6 cxb6 33. axb6 axb6 34. Qxb6 hxg3
35. fxg3 Qf6 36. Rc7 f2+ 37. Rxf2 Nh3+ 38. Kg2 Qxf2+ 39. Qxf2 Nxf2 40. Rxf7+
Kxf7 41. Kxf2 Rxh2+ 42. Kg1 Rd2 43. Bxg4 Rxd3 44. Kf2 Rc3 45. Be6+ Kf6 46. Bd7
Rc5 47. Ke3 b5 48. Kd3 Kg5 0-1

[Event "SC Postbauer-Heng e.V. 1-SW Nürnberg Süd"]
[Site "?"]
[Date "2013.01.27"]
[Round "1.8"]
[White "Stürmer, Martin"]
[Black "Diehl, Achim"]
[Result "1-0"]
[WhiteElo "1819"]
[BlackElo "1995"]
[PlyCount "45"]
[EventDate "2013.??.??"]
[WhiteTeam "SC Postbauer-Heng e.V. 1"]
[BlackTeam "SW Nürnberg Süd e.V. 2"]

1. Nf3 d5 2. c4 e6 3. e3 Nf6 4. Nc3 Be7 5. Be2 c5 6. cxd5 Nxd5 7. O-O O-O 8. d4
b6 9. Nxd5 Qxd5 10. Ne5 cxd4 11. exd4 f6 12. Bf3 Qd6 13. Bxa8 fxe5 14. dxe5 Qc7
15. Be4 Ba6 16. Re1 Bb4 17. Bd2 Rd8 18. Rc1 Qf7 19. Rc2 Qd7 20. Qh5 Bxd2 21.
Qxh7+ Kf8 22. Rd1 Rc8 23. Rxc8+ 1-0

[Event "SC Erlangen 48/88 e.V. 2-SW Nürnberg Süd"]
[Site "?"]
[Date "2013.01.27"]
[Round "1.1"]
[White "Luther, Helmut"]
[Black "Walter, Thomas"]
[Result "1/2-1/2"]
[WhiteElo "1926"]
[BlackElo "2017"]
[PlyCount "75"]
[EventDate "2013.??.??"]
[WhiteTeam "SW Nürnberg Süd e.V. 3"]
[BlackTeam "SC Erlangen 48/88 e.V. 2"]

1. d4 Nf6 2. g3 c5 3. e3 d5 4. Bg2 Nc6 5. Ne2 Bf5 6. O-O e6 7. c3 h5 8. dxc5 h4
9. Nd4 Bxb1 10. Rxb1 hxg3 11. fxg3 Bxc5 12. Nxc6 bxc6 13. b4 Bd6 14. c4 Rb8 15.
Bd2 Ne4 16. Bxe4 dxe4 17. Qg4 Be5 18. Rf2 Qd3 19. Rbf1 f5 20. Qd1 Qxc4 21. Qa4
O-O 22. Rc1 Qb5 23. Qxa7 Rf7 24. Qc5 Bb2 25. Rc2 Qxc5 26. Rxc5 Ra7 27. Rxc6 Kf7
28. Kg2 Ra3 29. Rc2 Bf6 30. Bc1 Rd3 31. a3 Bg5 32. Rfe2 Bf6 33. Kf2 g5 34. Rc7+
Kg6 35. Rc6 Kf7 36. Rc7+ Kg6 37. Rc6 Kf7 38. Rc7+ 1/2-1/2

[Event "SC Erlangen 48/88 e.V. 2-SW Nürnberg Süd"]
[Site "?"]
[Date "2013.01.27"]
[Round "1.2"]
[White "Götz, Andreas"]
[Black "Kuhn, Christian"]
[Result "1/2-1/2"]
[WhiteElo "2030"]
[BlackElo "1842"]
[PlyCount "128"]
[EventDate "2013.??.??"]
[WhiteTeam "SC Erlangen 48/88 e.V. 2"]
[BlackTeam "SW Nürnberg Süd e.V. 3"]

1. d4 Nf6 2. c4 c5 3. Nf3 cxd4 4. Nxd4 e5 5. Nb3 d5 6. e3 Be6 7. cxd5 Qxd5 8.
Qc2 Nc6 9. Nc3 Nb4 10. Qb1 Qd7 11. Bb5 Nc6 12. O-O a6 13. Rd1 Qc7 14. Be2 Bb4
15. e4 Bxb3 16. axb3 Nd4 17. Bb5+ Nxb5 18. Nxb5 Qc6 19. Nc3 Bxc3 20. bxc3 O-O
21. c4 Nxe4 22. Bb2 Rad8 23. Qc2 f6 24. Kf1 Nc5 25. Ba3 Rfe8 26. Bxc5 Qxc5 27.
Qc3 Qc7 28. c5 Rxd1+ 29. Rxd1 Rd8 30. Rxd8+ Qxd8 31. Qc4+ Kf8 32. Ke2 Qd7 33.
Qc3 Qd5 34. g3 Kf7 35. Qb4 e4 36. Ke1 f5 37. h4 h6 38. Qc3 g5 39. h5 f4 40.
gxf4 gxf4 41. Qh8 Qxh5 42. Qh7+ Ke6 43. Qxb7 Qh1+ 44. Ke2 Qf3+ 45. Ke1 Qc3+ 46.
Kd1 Qd3+ 47. Ke1 Qb1+ 48. Kd2 Qb2+ 49. Kd1 Qd4+ 50. Ke1 e3 51. Qc8+ Ke7 52.
Qb7+ Kf6 53. fxe3 Qxe3+ 54. Kf1 Qxc5 55. Qxa6+ Kg5 56. Qb7 Qc1+ 57. Kg2 Qd2+
58. Kf1 Qd3+ 59. Kg1 h5 60. Qg7+ Qg6 61. Qe5+ Kg4 62. Qc3 h4 63. Kh2 Qd6 64.
Qg7+ Kf3 1/2-1/2

[Event "SC Erlangen 48/88 e.V. 2-SW Nürnberg Süd"]
[Site "?"]
[Date "2013.01.27"]
[Round "1.3"]
[White "Thürauf, Peter"]
[Black "Nehls, Benedikt"]
[Result "1-0"]
[WhiteElo "1790"]
[BlackElo "2007"]
[PlyCount "35"]
[EventDate "2013.??.??"]
[WhiteTeam "SW Nürnberg Süd e.V. 3"]
[BlackTeam "SC Erlangen 48/88 e.V. 2"]

1. d4 Nf6 2. Nf3 c5 3. d5 b5 4. e4 Nxe4 5. Bd3 Qa5+ 6. Nbd2 Nf6 7. O-O Bb7 8.
c4 Qc7 9. b3 b4 10. Bb2 d6 11. Qc2 Nbd7 12. Ng5 g6 13. f4 h6 14. Nxf7 Kxf7 15.
Bxg6+ Kg8 16. Qf5 Rh7 17. Bxh7+ Nxh7 18. Qe6# 1-0

[Event "SC Erlangen 48/88 e.V. 2-SW Nürnberg Süd"]
[Site "?"]
[Date "2013.01.27"]
[Round "1.4"]
[White "Petzold, Vinzenz"]
[Black "Billmann, Andreas"]
[Result "1-0"]
[WhiteElo "1994"]
[BlackElo "1915"]
[PlyCount "77"]
[EventDate "2013.??.??"]
[WhiteTeam "SC Erlangen 48/88 e.V. 2"]
[BlackTeam "SW Nürnberg Süd e.V. 3"]

1. d4 f5 2. g3 Nf6 3. Bg2 d5 4. Nf3 e6 5. O-O Be7 6. c4 c6 7. Nbd2 O-O 8. Qc2
a5 9. b3 Ne4 10. Bb2 Na6 11. a3 Bf6 12. Nxe4 fxe4 13. Ne5 Qc7 14. f4 g6 15. Kh1
Qg7 16. c5 Nc7 17. a4 Na6 18. Bc3 Nb8 19. Qd2 Bd8 20. Bh3 Bc7 21. e3 Rf6 22.
Bg2 Nd7 23. Rab1 Rf8 24. Bh3 Nf6 25. Qd1 Qh6 26. Bg4 Nxg4 27. Qxg4 Rf5 28. h4
Bd8 29. Kg2 Qh5 30. Qxh5 Rxh5 31. Rh1 Rf5 32. g4 Rf8 33. g5 Bc7 34. Ng4 Kg7 35.
h5 e5 36. Nxe5 Bxe5 37. dxe5 Bg4 38. e6+ Kg8 39. hxg6 1-0